The healing self : supercharge your immune system and stay well for life (Record no. 57398)
[ view plain ]
| 000 -LEADER | |
|---|---|
| fixed length control field | 00764nam a2200241Ia 4500 |
| 005 - DATE AND TIME OF LATEST TRANSACTION | |
| control field | 20260704175958.0 |
| 008 - FIXED-LENGTH DATA ELEMENTS--GENERAL INFORMATION | |
| fixed length control field | 260704s9999||||xx |||||||||||||| ||und|| |
| 020 ## - INTERNATIONAL STANDARD BOOK NUMBER | |
| International Standard Book Number | 9781846045707 |
| Qualifying information | pbk |
| 082 ## - DEWEY DECIMAL CLASSIFICATION NUMBER | |
| Classification number | 616.079 |
| Item number | CHO |
| 100 ## - MAIN ENTRY--PERSONAL NAME | |
| Personal name | Chopra, Deepak |
| 245 #4 - TITLE STATEMENT | |
| Title | The healing self : supercharge your immune system and stay well for life |
| 260 ## - PUBLICATION, DISTRIBUTION, ETC. | |
| Place of publication, distribution, etc. | London |
| Name of publisher, distributor, etc. | Rider/Penguin Random House |
| Date of publication, distribution, etc. | 2017 |
| 300 ## - PHYSICAL DESCRIPTION | |
| Extent | 290p. ; 23cm. |
| 653 ## - INDEX TERM--UNCONTROLLED | |
| Uncontrolled term | Health promotion |
| 653 ## - INDEX TERM--UNCONTROLLED | |
| Uncontrolled term | Integrative medicine--Popular works |
| 653 ## - INDEX TERM--UNCONTROLLED | |
| Uncontrolled term | Lifestyle and health |
| 653 ## - INDEX TERM--UNCONTROLLED | |
| Uncontrolled term | Mind and body therapies--Popular works |
| 653 ## - INDEX TERM--UNCONTROLLED | |
| Uncontrolled term | Mind and body therapies--Popular works |
| 653 ## - INDEX TERM--UNCONTROLLED | |
| Uncontrolled term | Self-care, Health |
| 653 ## - INDEX TERM--UNCONTROLLED | |
| Uncontrolled term | Stress management |
| 700 ## - ADDED ENTRY--PERSONAL NAME | |
| Personal name | Tanzi, Rudolph E. |
| 942 ## - ADDED ENTRY ELEMENTS (KOHA) | |
| Koha item type | Book |
| Withdrawn status | Lost status | Damaged status | Not for loan | Home library | Current library | Shelving location | Date acquired | Source of acquisition | Total Checkouts | Full call number | Barcode | Date last seen | Price effective from | Koha item type |
|---|---|---|---|---|---|---|---|---|---|---|---|---|---|---|
| LRC, IIT Indore | LRC, IIT Indore | 2nd Floor - General Stack | 04/07/2026 | Gratis Book Price: GBP 12.99 | 616.079 CHO | G2623 | 04/07/2026 | 04/07/2026 | Book |
